Statistics for USA Emigration by Country

Click here to take the quiz!

General Stats

  • This quiz has been taken 3,278 times
    (2,988 since last reset)
  • The average score is 14 of 20

Answer Stats

PopulationCountry% Correct
240,000United Kingdom
97%
102,000France
95%
251,000Canada
94%
211,000Germany
94%
126,000China
93%
95,000Spain
91%
35,000Italy
90%
71,000Japan
90%
103,000Australia
89%
98,000Brazil
85%
38,000Ireland
79%
67,000South Korea
75%
32,000Switzerland
59%
36,000Belgium
54%
185,000Israel
47%
105,000Philippines
47%
38,000Taiwan
42%
36,000Saudi Arabia
40%
50,000Costa Rica
27%
82,000Dominican Republic
19%

Score Distribution

Percentile by Number Answered

Percent of People with Each Score

Your Score History

You have not taken this quiz since the last reset